Racial profiling (Record no. 285695)

MARC details
000 -LEADER
fixed length control field 00685nam a2200217Ia 4500
008 - FIXED-LENGTH DATA ELEMENTS--GENERAL INFORMATION
fixed length control field 191130s2009##################000#0#eng##
020 ## - INTERNATIONAL STANDARD BOOK NUMBER
ISBN 9780737742220
082 ## - DEWEY DECIMAL CLASSIFICATION NUMBER
Classification number 363.23089 NEL
245 ## - TITLE STATEMENT
Title Racial profiling
Statement of responsibility, etc David Erik Nelson, book editor
260 ## - PUBLICATION, DISTRIBUTION, ETC. (IMPRINT)
Place of publication Detroit, MI
Name of publisher Greenhaven Press
Year of publication c2009
300 ## - PHYSICAL DESCRIPTION
Number of Pages 264 p. : ill. ; 24 cm
500 ## - GENERAL NOTE
General note Includes bibliographical references (p. 246-249) and index
650 ## - SUBJECT ADDED ENTRY--TOPICAL TERM
Topical Term Discrimination in law enforcement
Topical Term Racial profiling in law enforcement
700 ## - ADDED ENTRY--PERSONAL NAME
Personal name Nelson, David Erik
991 ## -
-- 360848
Holdings
Withdrawn status Lost status Damaged status Not for loan Home library Current library Date acquired Full call number Accession Number Price effective from Koha item type
        Anna Centenary Library Anna Centenary Library 15.10.2020 363.23089 NEL 203238 15.10.2020 English Books

Find us on the map